Tuyển tập Thế Lữ Tập 1
Tuyển tập các bài thơ, kịch nói, tiểu luận phê bình về văn thơ Việt nam và một số nhà văn hiện đại Việt Nam như Xuân Diệu, Nguyễn Nhược Pháp, Tam Lang, Vũ Trọng Phụng
Zapisane w:
| 1. autor: | |
|---|---|
| Kolejni autorzy: | , |
| Format: | Książka |
| Język: | Vietnamese |
| Wydane: |
H.
Văn học
1995
|
| Seria: | Văn học hiện đại Việt Nam
|
| Hasła przedmiotowe: | |
| Etykiety: |
Dodaj etykietę
Nie ma etykietki, Dołącz pierwszą etykiete!
|
| Thư viện lưu trữ: | Mạng thư viện Đại học Đà Nẵng |
|---|
| LEADER | 01362nam a2200397 4500 | ||
|---|---|---|---|
| 001 | 000014378 | ||
| 003 | 10743 | ||
| 005 | 20120426080437.0 | ||
| 008 | 120426s1995 viesd | ||
| 020 | |c 28000đ | ||
| 041 | 0 | |a vie | |
| 082 | |a 895.9221 |b TH-L | ||
| 100 | 0 | |a Thế Lữ | |
| 245 | 1 | 0 | |a Tuyển tập Thế Lữ |c Thế Lữ ; Lê Đình Kỵ; Lữ Huy Nguyên sưu tầm, tuyển chọn |n Tập 1 |
| 260 | |a H. |b Văn học |c 1995 | ||
| 300 | |a 391 tr |c 19 cm | ||
| 490 | |a Văn học hiện đại Việt Nam | ||
| 504 | |a Tập 1 | ||
| 520 | |a Tuyển tập các bài thơ, kịch nói, tiểu luận phê bình về văn thơ Việt nam và một số nhà văn hiện đại Việt Nam như Xuân Diệu, Nguyễn Nhược Pháp, Tam Lang, Vũ Trọng Phụng | ||
| 653 | |a Văn học hiện đại | ||
| 653 | |a Thơ | ||
| 653 | |a Kịch nói | ||
| 653 | |a Phê bình | ||
| 700 | |a Thế Lữ | ||
| 700 | |a Lê Đình Kỵ |e sưu tầm, tuyển chọn | ||
| 700 | |a Lữ Huy Nguyên |e sưu tầm, tuyển chọn | ||
| 773 | |t Tuyển tập Thế Lữ |w 1660 | ||
| 910 | |a Nguyễn Thị Kim Oanh |d 17/08/2011 | ||
| OWN | |a LSP | ||
| 999 | |a From the UDN01 | ||
| TYP | |a Monograph | ||
| TYP | |a Printed language | ||
| 980 | |a Mạng thư viện Đại học Đà Nẵng | ||